CCE manual Science-X-II (Record no. 4222)

MARC details
000 -LEADER
fixed length control field 00219nam a22000857a 4500
008 - FIXED-LENGTH DATA ELEMENTS--GENERAL INFORMATION
fixed length control field 161128b xxu||||| |||| 00| 0 eng d
100 ## - MAIN ENTRY--PERSONAL NAME
9 (RLIN) 1497
Personal name Verma.R.
245 ## - TITLE STATEMENT
Title CCE manual Science-X-II
260 ## - PUBLICATION, DISTRIBUTION, ETC. (IMPRINT)
Place of publication, distribution, etc. New Delhi
Name of publisher, distributor, etc. S. Chand
Date of publication, distribution, etc. 2011
Holdings
Withdrawn status Lost status Source of classification or shelving scheme Damaged status Koha normalized classification for sorting Not for loan Home library Current library Shelving location Date acquired Total Checkouts Total Renewals Full call number Barcode Date last seen Date last checked out Price effective from Koha item type
    Dewey Decimal Classification   500_000000000000000   Good Samaritan School Library Good Samaritan School Library Science 11/28/2016 7 1 500 VER9423 12/01/2025 11/26/2025 11/28/2016 BOOK
    Dewey Decimal Classification   500_000000000000000   Good Samaritan School Library Good Samaritan School Library Science 11/28/2016 1 1 500 VER9424 11/16/2017 11/06/2017 11/28/2016 BOOK

Powered by Koha